00718nam a2200193 i 450000500170000000800410001704000270005804100080008504400070009308200180010024501940011826000330031230000110034565000330035665100430038970000280043270000350046070000290049520160220105603.0140313b2000 ec ||||| |||| 00| 0 spa d aCO-BoIAVH cCO-BoIAVH  aspa aec04a333.783bB61b00aBiodiversidad en el Parque Nacional Llanganates : bun aporte de las evaluaciones ecológicas y socioeconómicas rápidas /ceditado por Miguel A. Vázquez, Mario Larrea, Luis Suárez. aQuito : bEcoCiencia,c2000. a203 p.14aParques naturales zEcuador. aParque Nacional Llanganates (Ecuador)1 aLarrea, Mario,eeditor.1 aVázquez, Miguel A.,eeditor.1 aSuárez, Luis,eeditor.